Histoire du drapeau du Canada - Statistiques

Statistiques générales
  • Ce quiz a été pris 76 fois
    12 depuis la dernière actualisation
  • Le résultat moyen est 5 sur 8
Statistiques - réponses
Hint Réponse % Correct
Deuxième drapeau du Canada français (1715-1763)
91%
Canada (drapeau actuel depuis 1965)
82%
Deuxième drapeau du dominion britannique du Canada (1921-1965)
64%
Premier drapeau du Canada français (1663-1715)
64%
Premier drapeau du dominion britannique du Canada (1868-1921)
55%
Troisième drapeau du Canada britannique (1801-1868)
55%
Deuxième drapeau du Canada britannique (1707-1801)
45%
Premier drapeau du Canada britannique (1606-1707)
9%
Aucun quiz correspondant
Distribution des résultats
% des personnes avec chaque résultat
Percentile par nombre de réponses
Votre historique - résultats
Vous n’avez pas pris ce quiz depuis la dernière actualisation